Piłkarze Chelsea - Statystyki

Ogólne statystyki
  • Ten quiz został rozwiązany 428 razy
    119 od ostatniego zresetowania
  • Średni wynik to 21 z 31
Statystyki odpowiedzi
Piłkarz Państwo Pozycja % Poprawnych
Robert Sánchez Hiszpania Bramkarz
97%
Enzo Fernández Argentyna Pomocnik
94%
João Pedro Brazylia Napastnik
94%
Pedro Neto Portugalia Napastnik
92%
Marc Cucurella Hiszpania Obrońca
90%
Moisés Caicedo Ekwador Pomocnik
90%
Cole Palmer Anglia Pomocnik
88%
Mykhaylo Mudryk Ukraina Napastnik
87%
Reece James Anglia Obrońca
85%
Filip Jørgensen Dania Bramkarz
79%
Estêvão Brazylia Napastnik
78%
Liam Delap Anglia Napastnik
78%
Alejandro Garnacho Argentyna Napastnik
76%
Malo Gusto Francja Obrońca
72%
Wesley Fofana Francja Obrońca
72%
Gabriel Slonina USA Bramkarz
69%
Marc Guiu Hiszpania Napastnik
69%
Trevoh Chalobah Anglia Obrońca
68%
Andrey Santos Brazylia Pomocnik
67%
Jorrel Hato Holandia Obrońca
67%
Roméo Lavia Belgia Pomocnik
63%
Benoît Badiashile Francja Obrońca
59%
Levi Colwill Anglia Obrońca
58%
Tosin Adarabioyo Anglia Obrońca
54%
Axel Disasi Francja Obrońca
50%
Jamie Gittens Anglia Napastnik
50%
Josh Acheampong Anglia Obrońca
40%
Dário Essugo Portugalia Pomocnik
35%
Raheem Sterling Anglia Napastnik
33%
Facundo Buonanotte Argentyna Pomocnik
31%
Tyrique George Anglia Napastnik
29%
Nie znaleziono quizów pasujących do podanych kryteriów
Rozkład punktacji
Procent ludzi z każdym wynikiem
Percentyl według liczby udzielonych odpowiedzi
Twoja historia wyników
Nie rozwiązałeś tego quizu od ostatniego zresetowania